000
00314 a2200109 4500
001
ART_50820
005
20260410161955.0
008
260409a
245
1
0
_a
Unión transitoria
100
1
_a
Arduino, Augusto H.L.
773
0
_t
Temas de derecho comercial
_g
- Año 6, N° 5 (mayo 2020)
_w
REV28151
999
_c
30761
_d
30761